|
|
|
|
| LEADER |
00618nab a2200181 i 4500 |
| 001 |
acta16045 |
| 005 |
20210326124546.0 |
| 008 |
161015s2004 hu o 0|| eng d |
| 022 |
|
|
|a 0001-6969
|
| 040 |
|
|
|a SZTE Egyetemi Kiadványok Repozitórium
|b hun
|
| 041 |
|
|
|a eng
|
| 100 |
1 |
|
|a Brunotte Horst
|
| 245 |
1 |
3 |
|a On cubic CNS polynomials with three real roots
|h [elektronikus dokumentum] /
|c Brunotte Horst
|
| 260 |
|
|
|c 2004
|
| 300 |
|
|
|a 495-504
|
| 490 |
0 |
|
|a Acta scientiarum mathematicarum
|v 70 No. 3-4
|
| 695 |
|
|
|a Matematika
|
| 856 |
4 |
0 |
|u http://acta.bibl.u-szeged.hu/16045/1/math_070_numb_003_004_495-504.pdf
|z Dokumentum-elérés
|